000 00232nam a22001217a 4500
082 _a920
_bGUE/A
100 _aGUEST,LARRY
245 _aARNIE
260 _aORLANDO
_bTRIBUNE
_c1993
300 _a246
650 _zORLANDO
942 _cBK
999 _c5572
_d5572